000 00496nam a22001937a 4500
003 JO-AjAnu
005 20241020113033.0
008 241020b jo ||||| |||| 00| 0 ara d
020 _a0-00008-367-0-978
040 _cJO-AjAnu
041 _hENG
100 _aBremer, Nadieh
_eAuthor
_966367
245 _aData Sketches
_c / Nadieh Bremer
260 _aNew York:
_bCRC,
_c 2021
300 _a425 pages
650 _vData
700 _aShirley Ey Wu
_eJoint Author
_966368
942 _2lcc
_cBK
_n0
999 _c33795
_d33795